Správa o vývoji hospodárstva v okrese Banská Bystrica za rok ...

Bibliographic Details
Corporate Author: Slovensko. Štatistický úrad. Okresné oddelenie Banská Bystrica
Format: Journal
Language:Slovak
PhysicalDescription:zv. grafy, tab. 21 cm
Published: Banská Bystrica Okresné oddelenie Štatistického úradu SR
Series:Bulletin
Subjects:

MARC

LEADER 00000cas a2200000 a 4500
001 vtls001246837
003 SK-MaSNL
005 20260425194315.0
008 160414d199u199uxo ar|p 0 0 0slo
035 |a SNK000197656 
040 |a SNK  |b slo  |c SNK  |e AACR2 
041 0 |a slo 
043 |a e-xo--- 
044 |a xo  |c SK 
072 7 |a 33  |x Ekonómia  |2 konspekt 
080 |a 330.34  |2 2011 
080 |a (437.642)  |2 2011 
080 |a (048.8:083.41)  |2 2011 
080 |a (036)  |2 2011 
110 1 |a Slovensko.  |b Štatistický úrad.  |b Okresné oddelenie Banská Bystrica  |9 274504 
245 1 0 |a Správa o vývoji hospodárstva v okrese Banská Bystrica za rok ... 
246 1 3 |a Správa o vývoji hospodárstva v okrese Banská Bystrica v roku ...  |f 1994 
260 |a Banská Bystrica  |b Okresné oddelenie Štatistického úradu SR 
300 |a zv.  |b grafy, tab.  |c 21 cm 
310 |a 1x ročne 
490 1 |a Bulletin 
500 |a Popis podľa: r. 1993 
500 |a Súčasťou názvu je označenie kalendárneho roku 
650 0 7 |a ekonomický rozvoj  |2 SNKPH  |9 49952 
651 7 |a Banská Bystrica (Slovensko : okres)  |2 SNKPH  |9 74246 
655 7 |a štatistické prehľady  |2 SNKPH  |9 70689 
655 7 |a informačné publikácie  |2 SNKPH  |9 70181 
830 |a Bulletin  |9 274137 
910 |a snk 
999 |c 10149  |d 12079 
952 |a SNK  |b SNK  |y PREZ  |7 0  |p 17A0140079  |o snkČSD 1949/1993  |i snkKSP 4953/94  |0 0  |1 0  |4 0  |d 1998-05-15  |l 0  |r 2005-01-01 00:00:00  |w 2026-02-21 
952 |a SNK  |b SNK  |y PREZ  |7 0  |p 17A1341902  |o snkČSD 1949/1994  |i snk2019/542  |8 0  |0 0  |1 0  |4 0  |d 2019-01-09  |l 0  |r 2026-02-21 22:20:26  |w 2026-02-21